LEADER 00939nam0-22003131i-450- 001 990002036270403321 005 20070220131841.0 035 $a000203627 035 $aFED01000203627 035 $a(Aleph)000203627FED01 035 $a000203627 100 $a20030910d1982----km-y0itay50------ba 101 0 $aita 200 1 $a2: Diptera, Chironomidae$eOrthocladiinae$fBruno Rossaro 210 $aRoma$cC.N.R.$d1982 215 $a79 p.$d21 cm 225 1 $aGuide per il riconoscimento delle specie animali delle acque interne italiane$v16 610 0 $aChironomidae 610 0 $aDitteri$aChironomidae 676 $a595.771 700 1$aRossaro,$bBruno$070210 712 02$aConsiglio nazionale delle ricerche 801 0$aIT$bUNINA$gRICA$2UNIMARC 901 $aBK 912 $a990002036270403321 952 $a61 V C.4/012.16$b5876 (16/10/96)$fDAGEN 959 $aDAGEN 996 $a2: Diptera, Chironomidae$9407464 997 $aUNINA LEADER 01000nam1 2200361 450 001 990006066890203316 005 20150828142310.0 035 $a000606689 035 $aUSA01000606689 035 $a(ALEPH)000606689USA01 035 $a000606689 100 $a20150828d--------km-y0itay50------ba 101 0 $aita 102 $aIT 105 $a||||||||001yy 200 1 $aPapyri$fAristide Calderini 210 $aMilano$cCeschina 215 $avolumi$d19 cm 225 2 $aBiblioteca di alta coltura 410 0$12001$aBiblioteca di alta coltura 606 0 $aPapiri greci [e] Papiri latini$2BNCF 676 $a091 700 1$aCALDERINI,$bAristide$0162594 801 0$aIT$bsalbc$gISBD 912 $a990006066890203316 951 $aXV.9.M. 809/$bMAR$cXV.9.M. 959 $aBK 969 $aMAR 979 $aIANNONE$b90$c20150828$lUSA01$h1417 979 $aIANNONE$b90$c20150828$lUSA01$h1422 979 $aIANNONE$b90$c20150828$lUSA01$h1423 996 $aPapyri$9488833 997 $aUNISA LEADER 01825nas 2200505- 450 001 9910733298603321 005 20240915213022.0 011 $a2788-7359 035 $a(OCoLC)1395971982 035 $a(CKB)5670000000634995 035 $a(CONSER)--2024230659 035 $a(EXLCZ)995670000000634995 100 $a20210316a20179999 --- b 101 0 $aeng 135 $aur||||||||||| 181 $ctxt$2rdacontent 182 $cc$2rdamedia 183 $acr$2rdacarrier 200 00$aJournal of contemporary poetics 210 1$aIslamabad [Pakistan] :$cInternational Islamic University. 215 $avolumes ;$d24 cm 311 08$aPrint version: Journal of contemporary poetics (DLC) 2020371057 (OCoLC)1241729522 2521-5728 517 1 $aJCP 517 3 $aContemporary poetics 606 $aNarration (Rhetoric)$vPeriodicals 606 $aNarration (Rhetoric)$xPhilosophy$vPeriodicals 606 $aPoetry, Modern$y21st century$vPeriodicals 606 $aNarration$vPériodiques 606 $aNarration$xPhilosophie$vPériodiques 606 $aNarration (Rhetoric)$2fast$3(OCoLC)fst01032927 606 $aNarration (Rhetoric)$xPhilosophy$2fast$3(OCoLC)fst02062417 608 $aPeriodicals.$2fast 615 0$aNarration (Rhetoric) 615 0$aNarration (Rhetoric)$xPhilosophy 615 0$aPoetry, Modern 615 6$aNarration 615 6$aNarration$xPhilosophie 615 7$aNarration (Rhetoric) 615 7$aNarration (Rhetoric)$xPhilosophy. 712 02$aInternational Islamic University (Isl?m?b?d, Pakistan).$bFaculty of Language and Literature.$bDepartment of English, 712 02$ainternational Islamic University (Isl?m?b?d, Pakistan), 906 $aJOURNAL 912 $a9910733298603321 996 $aJournal of Contemporary Poetics$93396328 997 $aUNINA